000 00502nam a2200181Ia 4500
005 20250508151829.0
008 008 250505s9999 xx 000 0 eng d
037 _aTextual
040 _aFEDL
_beng
_cFEDL
041 _aeng
_2eng
084 _a407, PAL
_qFEDL
100 _aPalmer Harold E
_965864
245 0 _aOral method of teaching languages
260 _aCambridge
_bW Heffer and Sons Limited
_c1955
300 _a134p.
942 _cTEXL
_h407, PAL
999 _c1332366
_d1332366